Statistics for Fictional Places

Click here to take the quiz!

General Stats

  • This quiz has been taken 538 times
  • The average score is 8 of 11

Answer Stats

HintAnswer% Correct
HogwartsHarry Potter
98%
NeverlandPeter Pan
97%
Gotham CityBatman
96%
A Galaxy Far Far Away...Star Wars
88%
Middle EarthLord of the Rings
87%
Bikini BottomSpongebob
86%
The Emerald CityThe Wizard of Oz
81%
MetropolisSuperman
76%
PanemThe Hunger Games
65%
Camp Half-BloodPercy Jackson
43%
AlagaësiaEragon
15%

Score Distribution

Percentile by Number Answered

Percent of People with Each Score

Your Score History

You have not taken this quiz